عرض عادي
عرض مارك
- Toscano, Kathy.
مدخل إسم شخص
001 - رقم الضبط
- حقل الضبط: 64388
003 - معرف رقم الضبط
- حقل الضبط: OSt
005 - تاريخ ووقت أخر عملية
- حقل الضبط: 20180819112957.0
008 - عناصر بيانات ثابتة الطول
- حقل تحكم ثابت الطول: 180819|| aca||aabn | a|a d
040 ## - مصدر الفهرسة
- هيئة الفهرسة الأصلية: OSt
- وكالة الكتابة: OSt
100 ## - مدخل -- أسم شخص
- إسم شخص: Toscano, Kathy.
670 ## - بيانات المصدر موجوده
- الاستشهاد بالمصدر: Work cat.: (OSt)0: Long, Toby M. 64383, Handbook of pediatric physical therapy /, c2002.
